| 000 | 00720nam a2200193 i 4500 | ||
|---|---|---|---|
| 001 | 61067 | ||
| 003 | ES-MaACL | ||
| 005 | 20260210163243.0 | ||
| 007 | t| | ||
| 008 | 031110s1966 sp ||||1| spa d | ||
| 245 | 0 | 0 |
_aEstudios sobre relaciones injerto-patrón en vides, utilizando P-32 como trazador / _cpor Luis Mellado ... [et al.]. |
| 260 |
_a[Madrid : _bs.n., _c1966] ( _fSuc. de Rivadeneyra) |
||
| 300 |
_a46 p. : _bgráf. ; _c24 cm. |
||
| 500 | _aPrecede al tít.: Instituto Nacional de Investigaciones Agronómicas. | ||
| 700 | 1 |
_aMellado, Luis. _979991 |
|
| 710 |
_aInstituto Nacional de Investigaciones Agronómicas _c(España) _9219222 |
||
| 852 |
_aES-MaACL _jC-33004 _bR.63503 |
||
| 999 |
_c61067 _d61067 |
||